000 00263nam a2200121Ia 4500
008 190216s9999||||xx |||||||||||||| ||und||
100 _aMishra.A.B
245 0 _aHindi - Vedia Ganit
260 _bSabdalok
_c2007
300 _a135
650 _aHindi
942 _cBK
999 _c16501
_d16501